000 00604nam a2200241Ia 4500
005 20250425161212.0
008 250425s9999 xx 000 0 und d
020 _a0134507010
041 _aeng
082 _a621.380321
100 _aDOUGLAS-YOUNG, JOHN
245 0 _aILLUSTRATED ENCYCLOPEDIC DICTIONARY OF ELECTRONICS
250 _a2ND ED.
260 _aENGLEWOOD
260 _aEstados Unidos
_bPRENTICE-HALL
_c1987
300 _a692
650 _aDICCIONARIOS
650 _aELECTRONICA
650 _aTECNOLOGIA ELECTRONICA
650 _aTERMINOLOGIA
942 _c01
010 _a14950
999 _c204451
_d204451